000 00546cam a2200193 4500
001 ABS62279
008 000000n2000 000 0 eng u
035 _a(Sirsi) u106123
245 _aInsulating ground floors
260 _c2000
490 _aBuilding Engineer
_v75(5) May 2000, 34-35(2)
520 _aDescribes the use of insulation below a concrete ground floor.
590 _aABS
650 _aTHERMAL INSULATION
650 _aCONCRETE FLOORS
650 _aGROUND FLOORS
690 _aBUILDING AND CONSTRUCTION-ENERGY
942 _n0
999 _c63578
_d63578